La muerte de Esmirna. Un testimonio de la catástrofe microasiática
Saved in:
| Hovedforfatter: | |
|---|---|
| Format: | Bog |
| Sprog: | spansk græsk |
| Udgivet: |
Santiago, Chile
Centro de Estudios Griegos Bizantinos y Neohelénicos
2002
|
| Udgivelse: | Segunda edición |
| Fag: | |
| Tags: |
Tilføj Tag
Ingen Tags, Vær først til at tagge denne postø!
|
MARC
| LEADER | 00000nam a2200000 a 4500 | ||
|---|---|---|---|
| 001 | UCI2403 | ||
| 003 | CL-VaPUC | ||
| 005 | 20210602001453.0 | ||
| 008 | 070824e20020000CL |||||||||||||||||spa|d | ||
| 999 | |c 326988 |d 326986 | ||
| 020 | |a 9561903210 | ||
| 040 | |c Pontificia Universidad Católica de Valparaíso | ||
| 041 | 0 | 7 | |a spa |2 CL-VaPUC |
| 041 | 0 | 7 | |a gre |2 CL-VaPUC |
| 082 | 0 | 4 | |a 949.6 PUA 2002 |2 21 |
| 100 | 0 | |a Puaux, René |e author |9 523420 | |
| 245 | 1 | 3 | |a La muerte de Esmirna. |b Un testimonio de la catástrofe microasiática |
| 250 | |a Segunda edición | ||
| 260 | |a Santiago, Chile |b Centro de Estudios Griegos Bizantinos y Neohelénicos |c 2002 | ||
| 300 | |a 94 páginas | ||
| 583 | |a last modification |c 20070824 00:00:00 |k Rodrigo Vera | ||
| 650 | 0 | |a Historia de Grecia |9 267917 | |
| 651 | 7 | |a ESMIRNA |2 CL-VaPUC |9 523421 | |
| 651 | 0 | |a Grecia |9 265314 | |
| 651 | 7 | |a TURQUIA |2 CL-VaPUC |9 343267 | |
| 942 | |c BK |2 ddc | ||
| 945 | |d 20070824 00:00:00 |a rbrito | ||
| 952 | |0 0 |1 0 |2 ddc |4 0 |6 949_600000000000000_PUA_2002 |7 0 |8 A |9 409323 |a BIBART |b BIBART |d 2019-11-22 |i 4281195 |o 949.6 PUA 2002 |p 4281195 |r 2025-03-13 |t 1 |w 2019-11-22 |y BK |k ART | ||